000
00246 a2200097 4500
001
47441
100
_a
Webstor C
245
_a
The strategic air offensive against Germany
260
_a
London
_b
Her majesty s stationary
_c
090
_c
30469
_d
30469
942
_a
NUST-CAE
_c
M
_c
22746
999
_c
282514
_d
282514